Nets of Awareness/ (Record no. 171859)
[ view plain ]
| 000 -LEADER | |
|---|---|
| fixed length control field | 00612nam a2200205 4500 |
| 005 - DATE AND TIME OF LATEST TRANSACTION | |
| control field | 20221213114602.0 |
| 010 ## - LCCN (DPL NO) | |
| LC control number | ENG-127511 ENG-135839 |
| 020 ## - INTERNATIONAL STANDARD BOOK NUMBER | |
| International Standard Book Number | 9788187649656 |
| Terms of availability | 250.00 |
| 035 ## - SYSTEM CONTROL NUMBER | |
| System control number | EN-111043 |
| 035 ## - SYSTEM CONTROL NUMBER | |
| System control number | EN-119371 |
| 037 ## - SOURCE OF ACQUISITION | |
| Source of stock number/acquisition | DBAD/PUB |
| 082 ## - DEWEY DECIMAL CLASSIFICATION NUMBER | |
| Classification number | 840 |
| 100 ## - MAIN ENTRY--PERSONAL NAME | |
| Personal name | Pritchett, Frances W |
| 245 ## - TITLE STATEMENT | |
| Title | Nets of Awareness/ |
| Statement of responsibility, etc | by Frances W.Pritchett |
| 260 ## - PUBLICATION, DISTRIBUTION, ETC. (IMPRINT) | |
| Place of publication, distribution, etc | New Delhi |
| Name of publisher, distributor, etc | Katha Urdu Library |
| Date of publication, distribution, etc | 2004 |
| 270 ## - ADDRESS | |
| Address | A-3 Sarvodaya Enclave Sri Aurobindo Marg |
| City | New Delhi |
| Postal code | 110017 |
| 300 ## - PHYSICAL DESCRIPTION | |
| Extent | 234p. |
| Dimensions | 23cm(pbk |
| 500 ## - GENERAL NOTE | |
| General note | includes bibliographical references and index |
| 942 ## - ADDED ENTRY ELEMENTS (KOHA) | |
| Source of classification or shelving scheme | Dewey Decimal Classification |
| Item type | English Books |
| Classification part | S |
| Call number suffix | PRI |
| Withdrawn status | Lost status | Not for loan | Collection code | Home library | Current library | Date acquired | Source of acquisition | Cost, normal purchase price | Full call number | Barcode | Copy number | Cost, replacement price | Koha item type |
|---|---|---|---|---|---|---|---|---|---|---|---|---|---|
| Non-fiction | R.K.Puram-8 | R.K.Puram-8 | 13/12/2022 | DBAD/PUB | 250.00 | S PRI | EN-119371 | 2 | 250.00 | English Books | |||
| Non-fiction | Sarojini Nagar | Sarojini Nagar | 22/01/2020 | DBAD/PUB | 250.00 | S PRI | EN-111043 | 1 | 250.00 | English Books |
